000 00375nam a2200157Ia 4500
003 OSt
005 20231120084010.0
008 170524s9999 xx 000 0 und d
020 _a0-397-54424-3
040 _cIIMT
100 _aSwitor
245 0 _aNutrition : Principles and application in health
260 _bJ.B. lippincott company
260 _c2000
942 _2ddc
_c02
999 _c7482
_d7482